000 00551nam a2200193Ia 4500
003 GCL
008 140319s9999 xx 000 0 eng d
040 _aGCL /
_cGCL
082 0 4 _a808.0666 PT
100 1 _aGREEN BAUN, SIDNEY
245 1 0 _aTechnical English, Writing Reading, and Speaking 6. th. ed /
_cGREEN BAUN, SIDNEY
700 1 _aWHITCUT, JANET
260 _a[S.N] :
_bSPRINGER - VERLAG ،
_c1900
300 _a679 PP
650 0 4 _aTECHNICAL WRITING
650 0 4 _aMACHINE - TOOLS
650 0 4 _aLANGUAGE - DICTIONARIES
942 _2ddc
_cBK
999 _c18153
_d18153